Normal view
MARC view
Entry Personal Name
001 - CONTROL NUMBER
- control field: 64285
003 - CONTROL NUMBER IDENTIFIER
- control field:
005 - DATE AND TIME OF LATEST TRANSACTION
- control field: 20250328134051.0
008 - FIXED-LENGTH DATA ELEMENTS
- fixed length control field: 250328|| aca||aabn | a|a d
040 ## - CATALOGING SOURCE
- Original cataloging agency:
- Transcribing agency:
100 ## - HEADING--PERSONAL NAME
- Personal name: TER-NGUWASEN, Kohol-Apri S
670 ## - SOURCE DATA FOUND
- Source citation: Work cat.: ()15489: TER-NGUWASEN, Kohol-Apri S. aut, The cure for loneliness with :, 2022
